IMPLEMENTING QUALITY THROUGH BS5750 (ISO 9000) (Record no. 125693)

MARC details
000 -LEADER
fixed length control field 00332pam a2200121 a 4500
020 ## - INTERNATIONAL STANDARD BOOK NUMBER
International Standard Book Number 81-85617-24-4
Terms of availability
041 ## - LANGUAGE CODE
Language code of original
082 ## - DEWEY DECIMAL CLASSIFICATION NUMBER
Classification number 658.562
Item number JAC/ASH
100 ## - MAIN ENTRY--PERSONAL NAME
Personal name JACKSON P.,ASHTON D.,
245 ## - TITLE STATEMENT
Title IMPLEMENTING QUALITY THROUGH BS5750 (ISO 9000)
Medium Textual Documents
260 ## - PUBLICATION, DISTRIBUTION, ETC.
Place of publication, distribution, etc. NEW DELHI
Name of publisher, distributor, etc. VIVA BOOKS PVT LTD
Date of publication, distribution, etc. 1993
930 ## - EQUIVALENCE OR CROSS-REFERENCE-UNIFORM TITLE HEADING [LOCAL, CANADA]
Uniform title 6222
Holdings
Withdrawn status Lost status Damaged status Not for loan Collection Home library Current library Date acquired Total Checkouts Full call number Barcode Date last seen Copy number Price effective from Koha item type
          Institute of Management & Entrepreneurship Development, Pune Institute of Management & Entrepreneurship Development, Pune 18/04/2011   658.562 JAC/ASH IMP-IM-2500 01/03/2023 1 01/03/2023 Book